000 01171nam0a22002651 4500
001 rc\126551
005 20260407012756.0
035 _a(NLR Aleph) 005382326
090 _a7113816
_c7113816
100 _a20021216d1995 |||y0rusy50 ca
101 0 _arus
102 _aRU
105 _aa |||||||||
200 1 _aСочетание рационального и иррационального в экономике
_eБагкок - Челябинск, нояб. 1995
_e[Сб. ст.]
_fМоск. гос. ун-т коммерции, Челяб. ин-т коммерции
_g[Редкол.: А.Н. Попов и др.]
210 _aЧелябинск
_aМ.
_cМГУК
_d1995
215 _a39, [1] с.
_cил.
_d22
300 _aЧ. текста: англ.
702 1 _4340
_aПопов
_bА. Н.
_cд-р экон. наук, управлен. экономика
_f1948-
_gАлександр Николаевич
_92931
_3RU\NLR\AUTH\7719860
712 0 2 _aЧелябинский институт коммерции
_9498519
_3RU\NLR\AUTH\8810000672
801 0 _aRU
_bNLR
_gpsbo
801 1 _aRU
_bELAR
_2rusmarc
852 _aNLR
_j96-6/368
942 _cBOOK
980 _aNB